Datum a čas kvízu
30
Celkem bodů
Celkový počet nahraných bodů na tomto kvízu bez doplňovacích otázek.
11.
Pořadí na kvízu
Konečné umístění týmu na tomto kvízu.
Zaznamenané odpovědi
| # | Otázka | Odpověď | Body | Výsledky |
|---|---|---|---|---|
| 1. | Ručně a stručně vyřešila své p... | v Brně | 1 | |
| 2. | O nebývalý rozruch se na newyo... | A) mýval | 1 | |
| 3. | Minulý týden byl zveřejněn tea... | Marty Pohl, Řezník | 0 | |
| 4. | Minulý týden jsme se dozvěděli... | 5 000 Kčs | 0 | |
| 5. | Minulý týden se na sociálních... | Zachytil se (kopačkou) do sítě. | 0 | |
| 6. | Napište názvy dvou filmů Zacka... | 300: Bitva u Thermopyl, 300: Vzestup říše | 1 | |
| 7. | Přiřaďte následující herce k p... | 1B 2C 3D 4A | 0 | |
| 8. | Německý film režiséra Edwarda... | Na západní frontě klid, Erich Maria Remarque | 1 | |
| 9. | Protektor je film režiséra Mar... | Jana Plodková, Marek Daniel | 0 | |
| 10. | Napište název filmu, z něhož p... | Nepřítel před branami | 1 |